Sports Quiz

Random Sports or Soccer Quiz
Score 0/13 Timer 05:00
0 Plays Today
No of Caps Player % Correct
108 CapsTim Cahill
96.8%
109 CapsMark Schwarzer
95.3%
96 CapsLucas Neill
80.2%
79 CapsMile Jedinak
74.2%
95 CapsBrett Emerton
72.1%
84 CapsMark Bresciano
60.5%
73 CapsMark Milligan
58.1%
76 CapsTony Vidmar
57%
87 CapsAlex Tobin
54.7%
84 CapsPaul Wade
47.7%
69 CapsRobbie Kruse
43%
80 CapsLuke Wilkshire
37.2%
64 CapsPeter Wilson
18.6%
Remove Ads.
Support Sporcle.
Get the best of Sporcle when you Go Orange. This ad-free experience offers more features, more stats, and more fun while also helping to support Sporcle. Thank you for becoming a member.

You're not logged in!

Compare scores with friends on all Sporcle quizzes.
OR
Log In

Show Comments

Extras

Top Quizzes Today


Score Distribution

Your Account Isn't Verified!

In order to create a playlist on Sporcle, you need to verify the email address you used during registration. Go to your Sporcle Settings to finish the process.

Report this User

Report this user for behavior that violates our Community Guidelines.

Details: